| 000 | 00505nam a2200181Ia 4500 | ||
|---|---|---|---|
| 008 | 240925s9999 xx 000 0 und d | ||
| 020 | _a9788126518050 | ||
| 082 | _a519.2 FEL | ||
| 100 | _aFeller William | ||
| 245 | 3 | _aAn Introduction to Probability Theory and Its Applications | |
| 250 | _a3rd | ||
| 260 |
_aNew Delhi: _bJohn Wiley and Sons _c,2016. |
||
| 300 |
_a498p. _b0 _fOriginal |
||
| 500 | _aIncludes Index | ||
| 600 | _aHumanities & Natural Science | ||
| 650 | _aMathematics | ||
| 942 | _cBK | ||
| 999 |
_c15393 _d15393 |
||